#N/A (Registro nro. 11045)
[ vista simple ]
| 000 -LEADER | |
|---|---|
| fixed length control field | 00304nam a2200157Ia 4500 |
| 008 - FIXED-LENGTH DATA ELEMENTS--GENERAL INFORMATION | |
| fixed length control field | 210310s9999 xx 000 0 und d |
| 020 ## - INTERNATIONAL STANDARD BOOK NUMBER | |
| International Standard Book Number | 0 |
| 100 ## - MAIN ENTRY--PERSONAL NAME | |
| Personal name | #N/A |
| 9 (RLIN) | 18116 |
| 245 #0 - TITLE STATEMENT | |
| Title | #N/A |
| 260 ## - PUBLICATION, DISTRIBUTION, ETC. | |
| Date of publication, distribution, etc. | #N/A |
| 300 ## - PHYSICAL DESCRIPTION | |
| Other physical details | : , |
| 440 ## - SERIES STATEMENT/ADDED ENTRY--TITLE | |
| Title | 0 |
| 9 (RLIN) | 24440 |
| 500 ## - GENERAL NOTE | |
| General note | 0 |
| 505 ## - FORMATTED CONTENTS NOTE | |
| Formatted contents note | 0 |
| 650 ## - SUBJECT ADDED ENTRY--TOPICAL TERM | |
| Topical term or geographic name entry element | 0 |
| 9 (RLIN) | 24441 |
| Withdrawn status | Lost status | Damaged status | Not for loan | Home library | Current library | Date acquired | Total Checkouts | Barcode | Date last seen | Price effective from | Koha item type |
|---|---|---|---|---|---|---|---|---|---|---|---|
| Biblioteca Pública José María del Castillo y Rada | Biblioteca Pública José María del Castillo y Rada | 03/10/2021 | 430011988 | 05/16/2024 | 03/10/2021 | Books |